000 00308nam a2200121Ia 4500
008 230627s9999 xx 000 0 und d
041 _aeng
082 _a341.05
_bJOS
100 _aJoshi.K.C
245 _aThe Industrial Dispute Act Wite Rules
260 _bBharat Law House Pvt. Ltd.
_c1979
300 _a101p
999 _c681225
_d681225